000 00634nam a2200241Ia 4500
003 OSt
005 20221007105320.0
006 a|||||r|||| 00| 0
007 ta
008 221006b |||||||| |||| 00| 0 eng d
024 _a18,233
037 _cTextual
040 _aLCO
_cLCO
_beng
041 _2eng
_aeng
082 _aZ2,3,414, L2
100 _aGupta Umrao Lal
_9445719
245 0 _aWorking of Stock Exchange in India
260 _aNew
_bDelhi Thomson Press India
_c1972
300 _a335
650 _aSTOCK EXCHANGE
942 _hZ2,3,414, L2
_cTEXL
999 _c1187796
_d1187796